Регионална библиотека "Любен Каравелов" - Русе

Зограф Павел (Запис номер 343174)

MARC детайли
000 -Лидер
Контролно поле с фиксирана дължина nam a22 a 4500
003 - Код на организацията, давaща контролен номер
Контролно поле BLK
005 - Дата и час на последна редакция
Контролно поле 20210706075120.0
008 - Елементи от данни с фиксирана дължина
fixed length control field 180911b bul|||||r ||||||| ||bul||
010 ## - Наследен системен номер
LC control number 002835
040 ## - Източник на каталожния запис
Идентификатор на билиотеката - собственик на записа BLK
041 ## - Код за език
Код за езика на текст/звукозапис или на отделно заглавие Български
Код за езика КДБФ Български
080 ## - УДК
УДК - код + определител 886.7-32
100 1# - Редна дума - Автор
Автор ШИШМАНОВ, Димитър
Авторска отговорност първи автор
R(LIN) 396535
139 ## - Редно поле
Редна дума ШИШМАНОВ, Димитър
245 00 - Сведения за заглавието
Заглавие Зограф Павел
Редно поле (дума) Димитър Шишманов
246 ## - Различни форми на заглавието
Паралелно заглавие Разкази
Наименование на поредна част от произведението епос-разкази
260 ## - Област на издателските данни
Място на издаване, разпространение и проч. София
Име на издателя, разпространителя и проч. Ив. Коюмджиев
Година на издаване 1938
Печатница Нов живот
300 ## - Физическа характеристика
Страници 130 с
Размери/Мащаб 19 см
380 ## - Жанр
Жанр Худож. лит.
490 ## - СЕРИИ (Колекции)
Име на серия Частна колекция - Академик Михаил Арнаудов
Бележки за серията Дарение - Основен фонд
500 ## - Общи забележки
Забележка Автограф с текст: На проф. Мих. Арнаудов, достойния ученик и наследник на баща ми С благодарност Д. Шишманов Атина, януари 1939 (инв.№ 590284)
650 ## - Допълнително описание по предмет – тема
Основно описание – тема или топоним Проза
9 (RLIN) 167961
653 ## - Ключова дума – ненормативна
Ключова дума епос
653 ## - Ключова дума – ненормативна
Ключова дума разкази
655 ## - Ключова дума – жанр/разновидност
Данни за жанр/разновидност или ключова дума за фокус българска литература
700 1# - Други автори (авторска отговорност)
Лично име Димитър Шишманов
9 (RLIN) 407638
852 ## - Местоположение
Форматна сигнатура МА 1820
Фондова буква Фонд "Михаил Арнаудов"
852 ## - Местоположение
Форматна сигнатура Цб 8.180.4303
Фондова буква Хранилище
999 ## - СИСТЕМНИ КОНТРОЛНИ НОМЕРА
Koha biblionumber 343174
Koha biblioitemnumber 343174
942 ## - АРТИКУЛИ
Вид на библиотечния материал Книги
Скрит в OPAC Не
Периодичен библиозапис Да
944 ## - СЪЗДАВАНЕ И РЕДАКЦИЯ на ЗАПИСА
Създаване/Редакция Създаване
Дата на регистрацията/редакция 1996
Служител, извършил регистрацията/редакцията ValK
999 ## - СИСТЕМНИ КОНТРОЛНИ НОМЕРА
Koha biblioitemnumber 343174
999 ## - СИСТЕМНИ КОНТРОЛНИ НОМЕРА
Koha biblioitemnumber 343174
Наличности
Код за отписване Код за изгубен артикул Източник на класификационната схема Код за повреда Коз за рестрикции Код за отдаване Артикулен № Име на библиотеката - собственик Име на библиотеката, в която се намира в момента Статус (Текущо местоположение) Местоположение - отдел Цена в лева Номерация (Хронология) Инвентарен номер Систематично азбучна сигнатура Баркод Номер на екземпляра Цена в евро Служебен тип на артикула Дата на вписване в системата
  Не е изгубен Universal Decimal Classification Не е повреден без рестрикции Специални фондове ( старопечатни, редки и ценни, фонд М. Арнаудов) 743337 Регионална библиотека "Любен Каравелов" Русе Регионална библиотека "Любен Каравелов" Русе Фонд "Михаил Арнаудов" Фонд "Михаил Арнаудов" 25.00   589785 МА 1820 120000589785 1 12.78 Книги  
  Не е изгубен Universal Decimal Classification Не е повреден без рестрикции Специални фондове ( старопечатни, редки и ценни, фонд М. Арнаудов) 747159 Регионална библиотека "Любен Каравелов" Русе Регионална библиотека "Любен Каравелов" Русе Фонд "Михаил Арнаудов" Фонд "Михаил Арнаудов" 25.00 Автограф: Димитър Шишманов 590284 МА 1820 120000590284   12.78 Книги 2019-10-09
  Не е изгубен Universal Decimal Classification Не е повреден само за читалня ползва се в читалня 842774 Регионална библиотека "Любен Каравелов" Русе Регионална библиотека "Любен Каравелов" Русе Хранилище Основен фонд - ползва се само за читалня 0.10   4303 Цб 8.180.4303 900000068582   0.05 Книги 2021-07-13
Vip Innovations Ltd, Rousse, Bulgaria 2025